书目信息 |
| 题名: |
现代社会主义和素质教育概论
|
|
| 作者: | 武文虎 著 | |
| 分册: | ||
| 出版信息: | 北京 人民日报出版社 2013 |
|
| 页数: | 160页 | |
| 开本: | 24cm | |
| 丛书名: | ||
| 单 册: | ||
| 中图分类: | D616 , G40-012 | |
| 科图分类: | ||
| 主题词: | 中国特色社会主义--社会主义建设--研究 , 素质教育--研究--中国 | |
| 电子资源: | ||
| ISBN: | 978-7-5115-2140-8 | |
| 000 | 01234nam0 2200277 450 | |
| 001 | 339524 | |
| 005 | 20150608090536.73 | |
| 010 | @a978-7-5115-2140-8@dCNY35.00 | |
| 100 | @a20140613d2013 em y0chiy50 ea | |
| 101 | 0 | @achi |
| 102 | @aCN@b110000 | |
| 105 | @ay z 000yy | |
| 106 | @ar | |
| 200 | 1 | @a现代社会主义和素质教育概论@Axian dai she hui zhu yi he su zhi jiao yu gai lun@d= Introduction to modern socialism and quality education@e中国梦的理论愿景和实践途径@etheoretical vision and practical approaches to Chinese dream@f武文虎著@zeng |
| 210 | @a北京@c人民日报出版社@d2013 | |
| 215 | @a160页@d24cm | |
| 330 | @a本书以素质规律的要求为依据, 阐述课程改革、课堂改革、教育评价改革和教育管理改革的方向和具体做法, 提出了一条中国梦的教育实践途径。 | |
| 510 | 1 | @aIntroduction to modern socialism and quality education@etheoretical vision and practical approaches to Chinese dream@zeng |
| 517 | 1 | @a中国梦的理论愿景和实践途径@Azhong guo meng de li lun yuan jing he shi jian tu jing |
| 606 | 0 | @a中国特色社会主义@x社会主义建设@x研究 |
| 606 | 0 | @a素质教育@x研究@y中国 |
| 690 | @aD616@v5 | |
| 690 | @aG40-012@v5 | |
| 701 | 0 | @a武文虎@Awu wen hu@f(1963)@4著 |
| 801 | 0 | @aCN@b卓展宏图@c20150525 |
| 905 | @dD616@e173@f4 | |
| 现代社会主义和素质教育概论= Introduction to modern socialism and quality education:中国梦的理论愿景和实践途径:theoretical vision and practical approaches to Chinese dream/武文虎著.-北京:人民日报出版社,2013 |
| 160页;24cm |
| ISBN 978-7-5115-2140-8:CNY35.00 |
| 本书以素质规律的要求为依据, 阐述课程改革、课堂改革、教育评价改革和教育管理改革的方向和具体做法, 提出了一条中国梦的教育实践途径。 |
| ● |
| 相关链接 |
|
|
|
|
正题名:现代社会主义和素质教育概论
索取号:D616/173
 
预约/预借
| 序号 | 登录号 | 条形码 | 馆藏地/架位号 | 状态 | 备注 |
| 1 | 858561 | 208585618 | 第一样本阅览室/ [索取号:D616/173] | 在馆 | |
| 2 | 858562 | 208585627 | 第一借阅区/ [索取号:D616/173] | 在馆 | |
| 3 | 858563 | 208585636 | 第一借阅区/ [索取号:D616/173] | 在馆 | |
| 4 | 858564 | 208585645 | 第一借阅区/ [索取号:D616/173] | 在馆 |